000 00364pam a2200157a 44500
008 230515b2014 xxu||||| |||| 00| 0 eng d
020 _a8120000269
041 _aENGLISH
082 _a 621.2/LAL
100 _aLAL
245 _aHYDRAULIC MACHINES
250 _a6TH
260 _aDELHI
_bMETROPOLITAN BOOK CO. LTD. .
_c2014
300 _a585
650 _aNULL
999 _c611278
_d611278